Introduction to Bioinformatics (Record no. 17037)

000 -LEADER
fixed length control field 00258nam a22001097a 4500
008 - FIXED-LENGTH DATA ELEMENTS--GENERAL INFORMATION
fixed length control field 140319t xxu||||| |||| 00| 0 eng d
020 ## - INTERNATIONAL STANDARD BOOK NUMBER
International Standard Book Number 81-7758-278-X
100 ## - MAIN ENTRY--PERSONAL NAME
Personal name T K Attwood
9 (RLIN) 783
245 ## - TITLE STATEMENT
Title Introduction to Bioinformatics
300 ## - PHYSICAL DESCRIPTION
Extent 240
942 ## - ADDED ENTRY ELEMENTS (KOHA)
Source of classification or shelving scheme
Koha item type Book
Holdings
Withdrawn status Lost status Source of classification or shelving scheme Damaged status Not for loan Collection code Permanent Location Current Location Date acquired Total Checkouts Full call number Barcode Date last seen Date last checked out Price effective from Koha item type
            Atta-ur-Rahman School of Applied Biosciences (ASAB) Atta-ur-Rahman School of Applied Biosciences (ASAB) 03/19/2014 1 572.80 ATT ASAB555 09/23/2021 08/04/2021 03/19/2014 Book
© 2023 Central Library, National University of Sciences and Technology. All Rights Reserved.